Normal view
MARC view
- WORLD RECORDS-GUINNESS BOOK OF 20TH CENTURY
Entry Topical Term
001 - CONTROL NUMBER
- control field: 56641
003 - CONTROL NUMBER IDENTIFIER
- control field: NUST
005 - DATE AND TIME OF LATEST TRANSACTION
- control field: 20210628201738.0
008 - FIXED-LENGTH DATA ELEMENTS
- fixed length control field: 210628|| aca||aabn | a|a d
040 ## - CATALOGING SOURCE
- Original cataloging agency: NUST
- Transcribing agency: NUST
150 ## - HEADING--TOPICAL TERM
- Topical term or geographic name entry element: WORLD RECORDS-GUINNESS BOOK OF 20TH CENTURY
670 ## - SOURCE DATA FOUND
- Source citation: Work cat.: (NUST): Gould, David 56640, Guinness book of the 20th century, 1999
